Souris et rats de fictions en images - Statistiques

Statistiques générales
  • Ce quiz a été pris 517 fois
  • Le résultat moyen est 7 sur 20
Statistiques - réponses
Par images Réponse % Correct
Mickey
100%
Jerry
95%
Rattata
70%
Razmo
66%
Stuart Little
66%
Speedy Gonzales
59%
Splinter
34%
Cortex
32%
Géronimo Stilton
29%
Jaq
29%
Professeur Ratigan
15%
Timothée
13%
Fievel
12%
Twitch
11%
Nezu
7%
Ripitchip
5%
Mr Jingles
3%
Clic
1%
Dare Dare Motus
1%
Desroches
1%
Aucun quiz correspondant
Distribution des résultats
% des personnes avec chaque résultat
Percentile par nombre de réponses
Votre historique - résultats
Vous n’avez pas pris ce quiz